Wird geladen...
Quantitative aptitude: for competitive examinations(fully solved)
| 1. Verfasser: | |
|---|---|
| Format: | Printed Book |
| Veröffentlicht: |
New Delhi
S.Chand & Company limited
2006
|
| Schlagworte: |
| LEADER | 00540nam a2200157Ia 4500 | ||
|---|---|---|---|
| 999 | |c 20400 |d 20400 | ||
| 020 | |a 8121906236 | ||
| 082 | |a 001 |b AGA/QU | ||
| 100 | |a Aggarwal, R.S. | ||
| 245 | |a Quantitative aptitude: |b for competitive examinations(fully solved) | ||
| 260 | |a New Delhi |b S.Chand & Company limited |c 2006 | ||
| 300 | |a 726 | ||
| 546 | |a English | ||
| 650 | |a Quantitative aptitude | ||
| 942 | |2 ddc |c REF | ||
| 952 | |0 0 |1 0 |2 ddc |4 0 |6 001_000000000000000_AGAQU |7 0 |9 28246 |a KAUCLV |b KAUCLV |c REF |d 2014-03-18 |o 001 AGA/QU |p 214232 |r 2016-04-18 |w 2014-03-18 |y REF | ||